000 00427nam a2200145Ia 4500
008 100204s9999 xx 000 0 und d
082 _b8029
100 _aमंगेशकर गीता
245 _aन्याय
260 _b"बांदोडकर पब्लिशिंग हाऊस, गोवा"
_c1985
300 _a198
630 _aन्याय
730 _aन्याय
942 _cBOOK
999 _c452465
_d452462